Les clubs qui n'ont jamais été relégués - Statistiques

Statistiques générales
  • Ce quiz a été pris 262 fois
  • Le résultat moyen est 14 sur 21
Statistiques - réponses
Championnat Club % Correct
Liga Real Madrid
99%
Bundesliga Bayern Munich
98%
Liga FC Barcelone
98%
Seria Inter Milan
93%
Ligue 1 Paris Saint-Germain
93%
Eredivise Ajax Amsterdam
88%
Scottish Premiership Celtic Glasgow
78%
Liga NOS FC Porto
78%
Liga NOS Benfica
76%
Eredivise PSV Eindhoven
76%
Süper Lig Galatasaray
75%
Liga NOS Sporting Portugal
75%
Eredivise Feyenoord
67%
Süper Lig Besiktas
56%
Superleague elláda (Championnat grec) Olympiakos
55%
Süper Lig Fenerbahçe
54%
Liga Athletic Club Bilbao
50%
Superleague elláda (Championnat grec) Panathinaïkos
37%
Scottish Premiership Aberdeen
29%
Superleague elláda (Championnat grec) PAOK
26%
Eredivise FC Utrecht
16%
Aucun quiz correspondant
Distribution des résultats
% des personnes avec chaque résultat
Percentile par nombre de réponses
Votre historique - résultats
Vous n’avez pas pris ce quiz